Extragalactic energetic sources (Record no. 8607)

MARC details
000 -LEADER
fixed length control field 00903nam a2200205Ia 4500
003 - CONTROL NUMBER IDENTIFIER
control field IN-BaIIA
008 - FIXED-LENGTH DATA ELEMENTS--GENERAL INFORMATION
fixed length control field 211028s9999 xx 000 0 eng d
040 ## - CATALOGING SOURCE
Transcribing agency IIA Library
080 ## - UNIVERSAL DECIMAL CLASSIFICATION NUMBER
Universal Decimal Classification number 524.7(082.1)
Item number EXT
111 ## - MAIN ENTRY--MEETING NAME
Meeting name or jurisdiction name as entry element Winter School on Extragalactic Energetic Sources
Location of meeting india
Date of meeting or treaty signing 1983 Jan. 10-21
9 (RLIN) 14440
245 #0 - TITLE STATEMENT
Title Extragalactic energetic sources
Remainder of title proceedings of the winter school on extragalactic energetic sources, organized by Tata institute of Fundamental Research, January 10-21, 1983
Statement of responsibility, etc. edited by V. K. Kapahi
260 ## - PUBLICATION, DISTRIBUTION, ETC.
Place of publication, distribution, etc. Bangalore
Name of publisher, distributor, etc. Indian Academy of Sciences
Date of publication, distribution, etc. 1985
300 ## - PHYSICAL DESCRIPTION
Extent [various pagings.]
650 ## - SUBJECT ADDED ENTRY--TOPICAL TERM
Topical term or geographic name entry element Astronomy and Astrophysics thesaurus
650 ## - SUBJECT ADDED ENTRY--TOPICAL TERM
Topical term or geographic name entry element Extragalactic objects
9 (RLIN) 3898
650 ## - SUBJECT ADDED ENTRY--TOPICAL TERM
Topical term or geographic name entry element Galaxies
9 (RLIN) 1286
700 ## - ADDED ENTRY--PERSONAL NAME
Personal name Kapahi, V. K., ed.
9 (RLIN) 14441
710 ## - ADDED ENTRY--CORPORATE NAME
Corporate name or jurisdiction name as entry element Tata Institute of Fundamental Research , Bangalore
9 (RLIN) 14442
942 ## - ADDED ENTRY ELEMENTS (KOHA)
Koha item type Books
Holdings
Withdrawn status Lost status Damaged status Not for loan Home library Current library Shelving location Date acquired Total Checkouts Full call number Barcode Date last seen Date last checked out Price effective from Koha item type
        IIA Library-Bangalore IIA Library-Bangalore General Stacks 13/02/1986 1 524.7(082.1)/ EXT 9479 11/05/2024 19/04/2024 13/02/1986 Books

Powered by Koha